[Event "Rohde op 07th"]
[Site "Sautron"]
[Date "2007.10.29"]
[Round "3"]
[White "Bojkov, Dejan"]
[Black "Bruned, Yvalin"]
[Result "1-0"]
[WhiteElo "2520"]
[BlackElo "2355"]
[Annotator "RR"]
[PlyCount "85"]
[EventDate "2007.10.27"]
[EventType "swiss"]
[EventRounds "9"]
[EventCountry "FRA"]
[SourceTitle "EXT 2008"]
[Source "ChessBase"]
[SourceDate "2007.11.25"]
[SourceVersion "1"]
[SourceVersionDate "2007.11.25"]
[SourceQuality "1"]

1. e4 c5 2. c3 d5 (2... Nf6) 3. exd5 Qxd5 4. d4 Nf6 {[%cal Gc8g4,Ge7e6,Gf8e7]
la ligne principale} (4... Nc6) (4... e6) 5. Nf3 Bg4 (5... e6 {plus solide} 6.
Be2 cxd4 7. cxd4 Nc6 8. O-O Be7 9. Nc3 Qd6 $13) 6. Be2 (6. Qa4+ Bd7 7. Qb3 {
[%cal Gb3b7]} cxd4 8. Bc4 Qe4+ 9. Kf1 e6 10. cxd4 Nc6 {[%cal Gc6a5,Ga5c4,Ga5b3,
Ga5b7]} 11. Nc3 Qf5 12. Qxb7 $13 {Les deux K sont exposés!}) 6... e6 7. h3 $5 (
7. Na3) 7... Bh5 8. O-O (8. c4 Qd8 9. Qb3 {[%csl Rb7]} cxd4 10. Qxb7 Nbd7 $13)
8... Nc6 9. a3 cxd4 10. cxd4 {[%cal Gb1c3]} Be7 11. Nc3 Qd8 12. Be3 O-O 13. Rc1
Rc8 $146 ({RR} 13... Nd5 14. b4 Nxc3 15. Rxc3 Bf6 16. g4 Bg6 17. Qd2 Be4 18. g5
Be7 19. b5 Nb8 20. Rfc1 Nd7 21. Bf4 Nb6 22. Bc7 Qe8 23. Ne5 Nd5 24. Rg3 Nxc7
25. Rxc7 Bd6 26. Rc1 Qe7 27. Qc3 Kh8 28. f4 {Massenzano,G (2205)-Gonzalez,D/
Buenos Aires 1994/TD/1/2-1/2 (41)}) 14. Qa4 Qc7 15. Rfd1 Rfd8 16. b4 a6 17. Qb3
Qd6 18. Na4 Nd5 19. Nc5 Qb8 20. Rc2 {[%cal Gd1c1,Gc5a6,Gc2c6]} Bg6 21. Rcd2 Bf6
$132 22. Bg5 h6 23. Bxf6 Nxf6 24. Bc4 {[%cal Gd4d5]} Rd6 (24... Nd5 $142) 25.
d5 $1 {La percée thématique} exd5 26. Bxd5 Rxd5 27. Rxd5 Nxd5 28. Rxd5 Qf4 29.
Qe3 Qxe3 30. fxe3 Rd8 {(=)} 31. Rd2 {Le MI a une meilleure position et il
refuse а juste titre la proposition de nulle} Rb8 32. Rd7 $36 Nd8 33. g4 f6 $6
{[%csl Re6][%cal Gg6f7]} (33... Ne6 {[%cal Ge6c5]}) 34. Nd4 Bf7 35. Nf5 Bc4 $4
$138 36. Rxg7+ Kh8 37. Nd7 Ne6 38. Re7 Rd8 39. Nxf6 Ng5 40. h4 Rd1+ 41. Kg2
Rd2+ 42. Kg3 Nf7 43. Re8# 1-0

[Event "POL-chT 66th"]
[Site "Katowice"]
[Date "2010.09.11"]
[Round "8"]
[White "Zhigalko, Sergei"]
[Black "Navara, David"]
[Result "1/2-1/2"]
[WhiteElo "2640"]
[BlackElo "2722"]
[Annotator "RR"]
[PlyCount "154"]
[EventDate "2010.09.04"]
[EventType "team-tourn"]
[EventRounds "9"]
[EventCountry "POL"]
[SourceTitle "EXT 2016"]
[Source "ChessBase"]
[SourceDate "2015.10.08"]
[SourceVersion "1"]
[SourceVersionDate "2015.10.08"]
[SourceQuality "1"]
[WhiteTeam "Dankowice"]
[BlackTeam "Katowice Szopienice"]
[WhiteTeamCountry "POL"]
[BlackTeamCountry "POL"]

1. e4 c5 2. c3 d5 (2... Nf6) 3. exd5 Qxd5 4. d4 Nf6 5. Nf3 e6 (5... Bg4 6. Be2
e6) 6. Be2 (6. Na3 Qd8 (6... Nc6) 7. Nc2 Nbd7 8. Bd3 Be7 9. O-O O-O 10. Bf4 b6
11. Qe2 Bb7 12. Rad1 Qc8 13. Rfe1 a6 14. Ne5 b5 15. Nxd7 (15. c4 Nxe5 16. dxe5
bxc4 17. Bxc4 Nd5 18. Bc1 Nb6 19. Bd3 {Salgado Lopez,I (2628)-Svidler,P (2739)
Gibraltar Masters 13th 2015 (7) 0-1} (19. Ne3 Nxc4 20. Nxc4 {[%csl Gc4][%cal
Gc4d6]})) 15... Qxd7 16. c4 cxd4 17. Nxd4 bxc4 18. Bxc4 {[%csl Rd7][%cal Gd1d7]
}) (6. Be3) (6. Bd3 Be7 7. O-O O-O 8. c4) 6... cxd4 7. cxd4 {[%cal Gb1c3]} Nc6
8. Nc3 Qd6 (8... Bb4 $143 {Le coup naturel ne permet pas l'égalisation totale}
9. O-O Bxc3 10. bxc3 O-O 11. c4 $14 {[%csl Rc8]}) 9. O-O Be7 10. Nb5 Qd8 11.
Bf4 Nd5 12. Bg3 a6 (12... O-O {L'alternative} 13. Bc4 a6 14. Bxd5 exd5 15. Nc7
Rb8 16. Ne5 Bf5 17. Rc1 {Muhren,B (2278)-Duncan,C (2294) EU-Cup 24th Kallithea
2008 (5) 0-1} (17. Nxa6 Rc8 18. Nxc6 Rxc6 19. Nc5 Bxc5 20. dxc5 Rxc5 $132)) 13.
Nc3 O-O 14. Rc1 Nxc3 (14... Nf6 {[%csl Gd4]} 15. a3 b6 16. d5 {Elimine la
faiblesse mais la position va vite s'aplanir.} exd5 17. Nxd5 Qxd5 18. Qxd5 Nxd5
19. Rxc6 Bb7 20. Rc2 Rac8 21. Rfc1 $11 {Godena,M (2490)-Arlandi,E (2465)
ITA-ch 59th Saint Vincent 1999 (6) 1/2}) 15. bxc3 Bf6 (15... Bd6 16. c4 Bxg3
17. hxg3 Qd6 18. Qd3 Bd7 19. Rfd1 Rad8 20. Qb1 Bc8 21. Bd3 h6 22. Bh7+ Kh8 23.
Be4 Qc7 24. Qb2 Kg8 25. Bb1 Ne7 26. Qc2 g6 27. Qd2 Kg7 28. Ne5 Nc6 29. Ng4 Rh8
30. Qc3 h5 31. d5+ e5 32. Ne3 Nd4 33. Rxd4 exd4 34. Qxd4+ f6 35. c5 Qe5 36.
Qxe5 fxe5 37. Be4 Bf5 38. Bxf5 gxf5 39. Nxf5+ Kf6 40. Ne3 Rh7 41. Rb1 Rc8 42.
f4 exf4 43. gxf4 Rxc5 44. Rb6+ Kf7 45. Rxb7+ {Gallagher,J (2514)-Sokolov,A 
(2553) Switzerland 2012 1/2-1/2 (74)}) 16. Rb1 (16. Bd3 {[%csl Rh7]} b5 {
[%csl Rc3]} 17. a4 bxa4 18. Qxa4 Bd7 19. Qa3 Be7 20. Qa2 a5 $132 {Chekhov,V 
(2505)-Korneev,O (2590) Alekhine op Moscow 1996 (9) 0-1}) 16... Qa5 17. Qc2 (
17. Qb3 b5) 17... e5 $1 $146 (17... Rd8 18. Bd3 h6 19. Bh7+ Kh8 20. Be4 Ra7 21.
Nd2 Qh5 22. Rb2 e5 23. Bxc6 bxc6 24. Ne4 Bf5 25. Nxf6 Qg6 26. Qa4 exd4 27. Qxc6
Qxf6 28. Qxf6 gxf6 29. cxd4 Rxd4 30. f3 Rad7 31. Rb6 Kg7 32. a3 a5 33. Rc6 Be6
34. Rfc1 Rd3 35. R6c3 Rxc3 36. Rxc3 Rd1+ 37. Kf2 Rd2+ 38. Kf1 a4 39. Bf4 Ra2
40. h4 h5 41. Bd6 Rd2 42. Bb4 Kg6 43. Rc5 Rb2 44. Kg1 f5 {1/2-1/2 (44)
Afromeev,V (2405)-Bairachny,R (2442) Tula 2000}) 18. Bd3 g6 (18... exd4 19.
cxd4 (19. Bxh7+ Kh8 20. cxd4 g6 21. Bxg6)) 19. dxe5 Nxe5 20. Nxe5 Bxe5 $11 21.
c4 Bxg3 {Les Noirs ont une bonne finale mais ils n'ont pas terminé le
développement de l'aile-dame} 22. hxg3 Rb8 23. Be4 $1 {[%csl Rb7]} Qc5 24. Qa4
Rd8 25. Bd5 b5 26. Qa5 Bf5 $1 27. Rbc1 Rd6 28. Rfd1 (28. Rfe1 $5 {[%cal Ge1e7]}
) 28... Rc8 $1 {[%cal Gc8c5] Les Noirs ont terminé le développement et la
meilleure structure leur permet de jouer pour les deux résultats comme disent
les russes} 29. Qe1 b4 {[%csl Ra2,Gb4]} 30. Qe3 Be6 31. Qxc5 Rxc5 32. Bxe6 Rxe6
33. Rd5 Rec6 $36 {[%csl Rc4]} 34. Rd4 Kf8 35. Kf1 Ke7 36. Ke2 Ra5 37. Rc2 Re6+
38. Kd1 Rd6 $15 39. Rdd2 Kd7 {[%cal Gd7c6]} 40. Kc1 Ra3 (40... Kc6 41. Kb2 Rxd2
42. Rxd2 Kc5 $6 {[%csl Ra5]}) 41. c5 Rxd2 42. Rxd2+ Kc6 43. Kb2 f5 (43... Kxc5
44. Rd7 $44 {[%csl Ra3]}) 44. Rd6+ Kxc5 45. Rd7 Kb5 46. Rxh7 Rd3 {[%cal Gd3d2]}
47. Kc2 $1 Rc3+ 48. Kb2 Ka4 49. Rd7 (49. Rg7 Rc6 50. g4 $5) 49... Rc6 50. g4 $1
fxg4 51. Rd4 g3 $1 52. a3 a5 {La position va s'aplanir et les Blancs ont des
bonnes chances de nulle} 53. fxg3 Re6 54. axb4 axb4 (54... Re2+ 55. Kc3) 55.
Rg4 Re2+ 56. Kc1 {[%csl Rc1]} Kb3 (56... Ka3 57. Rxg6) (56... Rxg2 57. Rxg6 $11
) 57. Rxg6 Rc2+ 58. Kd1 Rxg2 (58... Kb2 {[%cal Gb4b3]} 59. g4 (59. Rb6 $2 Rxg2)
59... b3 60. g5 Rxg2 61. Rg8 Kb1 62. g6 b2 63. Rg7 (63. g7 $2 Rg4 {[%cal Gg4a4,
Gb1a2,Ga2b3,Ga4b4]}) 63... Ka2 64. Ra7+ Kb3 $11 {Et les Noirs ne peuvent pas
faire un pont avec la R}) 59. Kc1 Rc2+ 60. Kb1 Re2 61. Kc1 Re1+ 62. Kd2 Re5 63.
Kc1 Ra5 $1 {[%cal Gb3a2,Gb4b1]} 64. Kb1 $8 Rf5 {[%cal Gf5f1]} 65. Kc1 Rf1+ 66.
Kd2 Rf3 67. Kc1 Rf1+ 68. Kd2 Kb2 69. Ke3 b3 70. g4 Ra1 71. Kf4 Ra4+ 72. Kf5 Kc3
(72... Ka2 73. Rb6 {[%csl Ra2,Gg4][%cal Gb6b3,Gg4g8] le sacrifice de la R sur
le P assure la nulle car le K Blanc est trop loin du P de l'aile-roi} b2 74. g5
b1=Q+ 75. Rxb1 Kxb1 76. g6) 73. Rc6+ Rc4 74. Re6 b2 75. Re1 Ra4 {Il va manquer
un tempo aux Noirs} 76. Rb1 {[%cal Gb1b2]} Ra5+ (76... Ra1 77. Rxb2) 77. Kf6
Ra1 1/2-1/2

[Event "Tata Steel-B 79th"]
[Site "Wijk aan Zee"]
[Date "2017.01.28"]
[Round "12"]
[White "Jones, Gawain C B"]
[Black "Dobrov, Vladimir"]
[Result "1-0"]
[WhiteElo "2665"]
[BlackElo "2499"]
[Annotator "Ramirez Alvarez,A"]
[PlyCount "55"]
[EventDate "2017.01.14"]
[EventType "tourn"]
[EventRounds "13"]
[EventCountry "NED"]
[EventCategory "14"]
[SourceTitle "CBM 177"]
[Source "ChessBase"]
[SourceDate "2017.03.16"]
[SourceVersion "1"]
[SourceVersionDate "2017.03.16"]
[SourceQuality "1"]
[TimeControl "40/6000+30:20/3000+30:900+30"]

1. e4 {[%emt 0:00:00]} c5 {[%emt 0:00:33]} 2. Nf3 {[%emt 0:00:13]} e6 {[%emt 0:
01:14]} 3. c3 {[%emt 0:00:44]} d5 {[%emt 0:00:08]} 4. exd5 {[%emt 0:00:12]}
Qxd5 {[%emt 0:00:05]} 5. d4 {[%emt 0:01:18]} Nf6 {[%emt 0:00:06]} 6. Na3 {
[%emt 0:00:27]} Nc6 {[%emt 0:00:07]} 7. Be3 {[%emt 0:00:28]} cxd4 {[%emt 0:01:
16]} 8. Nb5 {[%emt 0:00:09]} Qd8 {[%emt 0:00:19]} 9. Nbxd4 {[%emt 0:00:14]} Nd5
{[%emt 0:00:52]} 10. Nxc6 {[%emt 0:02:02]} bxc6 {[%emt 0:00:07]} 11. Bd4 {
[%emt 0:00:12]} f6 {[%emt 0:00:06]} 12. Bc4 {[%emt 0:01:07]} Bd6 {[%emt 0:03:
51]} 13. Nd2 $146 {[%emt 0:01:31]} (13. O-O O-O 14. Re1 Kh8 15. Bb3 c5 16. Be3
Bb7 17. Bd2 Re8 18. Bc2 Qc7 19. Qe2 Rad8 20. Qe4 f5 21. Qh4 h6 22. Ba4 Re7 23.
Rad1 Kg8 24. c4 Nb6 25. Bc2 Bxf3 26. gxf3 Rf8 27. Bc3 Bf4 28. b3 e5 29. Bd2
Bxd2 30. Rxd2 Rf6 31. Red1 Nd7 32. Bxf5 Nf8 33. Be4 Ne6 34. Rd6 Rf4 35. Qh5 Nd4
36. Qg6 Kf8 37. Kh1 Ref7 38. Bd5 R7f6 39. Rxf6+ Rxf6 40. Qh7 Nf5 41. Rg1 Qd6
42. f4 e4 {Dauth,B (2322)-Szelag,M (2464) Germany 2011 1-0 (61)}) 13... e5 {
[%emt 0:00:38]} 14. Qa4 {[%emt 0:01:30]} Bd7 {[%emt 0:09:21]} 15. Ne4 {[%emt 0:
00:29]} Qb8 {[%emt 0:03:24]} 16. Be3 {[%emt 0:14:39]} Nxe3 {[%emt 0:03:45]} 17.
fxe3 {[%emt 0:06:43]} Be7 {[%emt 0:00:03]} 18. O-O-O {[%emt 0:04:18]} Qb6 {
[%emt 0:30:08]} 19. Bf7+ {[%emt 0:01:55]} Kxf7 {[%emt 0:00:05]} 20. Rxd7 {
[%emt 0:00:05]} Rhb8 {[%emt 0:00:12]} 21. Qc4+ {[%emt 0:06:31]} Kf8 {[%emt 0:
00:17]} 22. b4 {[%emt 0:11:23]} Qxe3+ {[%emt 0:09:23]} 23. Kb1 {[%emt 0:02:07]}
Rb5 $4 {[%emt 0:00:46]} (23... Qh6 $13) 24. Nd6 {[%emt 0:09:45]} Rd5 {[%emt 0:
00:24]} 25. Rxe7 $1 {[%emt 0:00:47]} Rd8 {[%emt 0:00:04]} 26. Rf7+ {[%emt 0:00:
38]} Kg8 {[%emt 0:00:07]} 27. Rxg7+ {[%emt 0:00:11]} Kh8 {[%emt 0:00:08]} 28.
Rg3 {[%emt 0:00:26]} 1-0

[Event "Cappelle op 32nd"]
[Site "Cappelle la Grande"]
[Date "2016.02.15"]
[Round "3"]
[White "Ulybin, Mikhail"]
[Black "Neiksans, Arturs"]
[Result "1/2-1/2"]
[WhiteElo "2519"]
[BlackElo "2607"]
[Annotator "Reeh,O"]
[PlyCount "99"]
[EventDate "2016.02.13"]
[EventType "swiss"]
[EventRounds "9"]
[EventCountry "FRA"]
[SourceTitle "EXT 2017"]
[Source "ChessBase"]
[SourceDate "2016.10.25"]
[SourceVersion "1"]
[SourceVersionDate "2016.10.25"]
[SourceQuality "1"]

{[%mdl 32768]} 1. e4 c5 2. Nf3 e6 3. c3 Nf6 4. e5 Nd5 5. d4 cxd4 6. cxd4 d6 7.
Bc4 Be7 8. O-O O-O 9. Qe2 b6 10. Nc3 Nxc3 11. bxc3 Bb7 12. exd6 Qxd6 13. Ne5
Nd7 14. f4 Rac8 15. Bb2 g6 16. a4 Qc7 17. Bb3 Nf6 18. Rae1 Ne4 19. Rf3 Bf6 20.
Re3 Nd6 21. Ba3 Nf5 22. Rh3 Rfe8 23. Ng4 Bg7 24. d5 Bxd5 $1 (24... exd5 $4 25.
Qxe8+ Rxe8 {[%tqu "En","Which white move is even better than 26.Rxe8+ here?",
"","","g4f6","Correct - now White checkmates quickly.",2,"De","Welcher weiße
Zug ist noch besser als 26.Rxe8+ an dieser Stelle?","","","g4f6","Richtig - so
setzt Weiß schnell matt.",2]} 26. Nf6+ {and White checkmates: und Weiß setzt
matt:} Bxf6 27. Rxe8+ Kg7 {[%tqu "En","Mate in 2, please.","","","a3f8","...
followed by 29.Bh6++!",1,"De","Matt in 2, bitte.","","","a3f8","...nebst 29.
Bh6++!",1]} 28. Bf8+ Kg8 29. Bh6#) 25. Bxd5 {[%tqu "En","Please show Black's
point.","The king needs breathing spce!","","h7h5","That's it!  Black hits the
white knight on g4, creating an escape square for his king on h7.",3,"e6d5",
"?? - 26.Qxe8+ and game over.",0,"De","Bitte zeigen Sie die Pointe von Schwarz.
","Der König braucht Luft!","","h7h5","Das ist es!  Schwarz attackiert den
weißen Springer g4 und schafft gleichzeitig ein Fluchtfeld für seinen König
auf h7.",3,"e6d5","?? - 26.Qxe8+ und Game over.",0]} h5 $1 {[%csl Yh7][%cal
Yg8h7,Rh5g4]} (25... exd5 $4 26. Qxe8+ Rxe8 27. Rxe8+ Bf8 28. Bxf8 (28. Rxf8+
Kg7 29. Rg8+ Kxg8 30. Nf6+ Kg7 31. Ne8+)) 26. Nf2 (26. Bb3 hxg4 27. Qxg4 Bxc3
$19) {[%tqu "En","White has played 26.Nf2. What now?","","","e6d5","Why not
indeed!",2,"g7c3","Not bad, but what did you not like about 26...exd5
instead?",1,"De","Weiß hat 26.Nf2 gespielt. Was nun?","","","e6d5","In der Tat
- warum nicht!",2,"g7c3","Nicht schlecht, aber was missfiel Ihnen an 26...
exd5?",1]} 26... exd5 $1 (26... Bxc3) 27. Qxe8+ Rxe8 28. Rxe8+ {[%tqu "En",
"And now? :-)","","","g8h7","This is why 25...h5! was so important - advantage
to Black!",10,"De","Und nun? :-)","","","g8h7","Deshalb war 25...h5! so
wichtig - Vorteil Schwarz!",10]} Kh7 {Advantage Black!  Vorteil Schwarz!} 29.
g4 Qc6 30. Rd8 Qxa4 31. gxf5 Qxa3 32. Rd7 Kg8 33. fxg6 fxg6 34. Rg3 Qa4 35. Rb7
Qa6 36. Rc7 Kf8 37. Rxg6 Bxc3 38. Rd6 Ke8 39. Rg6 Kf8 40. Rd6 Ke8 41. Rdd7 Bd4
42. Re7+ Kf8 43. Rf7+ Kg8 44. Rfd7 Bc5 45. Rg7+ Kf8 46. Rcf7+ Ke8 47. Rxa7 Qc8
48. Rg8+ Bf8 49. Kg2 d4 50. Rh7 1/2-1/2

[Event "CUB-ch"]
[Site "Las Tunas"]
[Date "1996.??.??"]
[Round "11"]
[White "Espinosa, Julio Manuel"]
[Black "Rodriguez Cespedes, Amador"]
[Result "0-1"]
[WhiteElo "2335"]
[BlackElo "2485"]
[Annotator "Rodriguez,Am"]
[PlyCount "58"]
[EventDate "1996.05.??"]
[EventType "tourn"]
[EventRounds "13"]
[EventCountry "CUB"]
[EventCategory "8"]
[SourceTitle "CBM 053"]
[Source "ChessBase"]
[SourceDate "1996.08.01"]
[SourceVersion "1"]
[SourceVersionDate "1996.08.01"]
[SourceQuality "1"]

1. e4 c5 2. c3 d5 3. exd5 Qxd5 4. d4 Nc6 5. dxc5 $5 {Ambitious and logical.
Most common is 5.Nf3 while 5.Be3 is less enterprising.} Qxc5 6. Na3 Qa5 $5 {
Both 6...e5 and 6...Nf6 have apparently a better reputation. The text move is
well playable and can lead to a exciting fight as this game shows.} 7. Bf4 $5
$146 (7. Nb5 Bd7 $5 {[%cal Ya8c8,Ya5d8]} (7... Nf6 $6 8. b4 Qd8 9. Bf4 e5 10.
Qxd8+ Kxd8 11. O-O-O+ $36 {Dobrovolsky,Ladislav-Babula,Vlastimil/Czech tt (06)
1993 1/2-1/2 (36)}) 8. b4 Qd8 9. Nf3 a6 10. Nbd4 Nf6 $10 {Svesnikov-Kuindzi,
SSSR 1974}) (7. Nc4 Qc7 $10 {[%cal Yg8f6,Ye7e5]}) (7. Be3 Nf6 8. Nc4 Qc7 $13 {
ECO}) (7. Nf3 {things are not so easy for Black after this natural move.} Bg4 (
7... Nf6 8. Bf4 (8. Qb3 $5 e6 9. Nc4 Qc7 10. Be3 $14) 8... Bd7 9. Qb3 $16) 8.
Be2 Nf6 9. O-O (9. Qb3 $5 Qc7 10. Nb5 Qb8 11. Be3 (11. Ng5 e6 12. Bxg4 (12. Ne4
$2 Bxe2 13. Nxf6+ gxf6 $15) 12... Nxg4 {/\ Qe5+}) 11... e6 12. O-O-O Be7 13. h3
Bh5 14. Nbd4 $14) 9... Rd8 10. Qb3 Rd7 11. Nc4 (11. Bf4 $5 e6 12. Nc4 $36)
11... Qc7 12. Bg5 e6 13. Rad1 Rxd1 14. Rxd1 Be7 15. Bh4 O-O 16. Bg3 $14 {
Roeder,F-Dizdarevic,E/Bad Wörishofen (3) 1988 0-1 (50)}) 7... e5 (7... Bd7 $6
8. Nc4 $1 (8. Nb5 Rc8) 8... Qd8 9. Qb3 {when Black's position looks horribly
passive.} (9. Qe2 $5)) 8. Nc4 Qc7 9. Nxe5 $5 Nxe5 10. Bb5+ Ke7 {One of those
sacrifices like 4.Nxf7 in the Petrov where it is impossible to analyze it till
the very end. White has only a pawn in return for his piece but the black king
finds it very uncomfortable in the center.} 11. Qe2 {Here I thought for a long
time, 11...f6 seems evident but 11...Kf6 was also tempting, it had a very ugly
look but over the board I could not find a direct refutation. Further analysis
shows it is not so easy to refute anyway.} f6 (11... Kf6 {Here are some of the
possibilities that were considered right after the game} 12. Bg3 $1 {A
extremely difficult move to meet over the board, the saving resource Nd3+ does
not work anymore and the f-file is cleared to recapture with check on f3 after
Nf3 which is coming with great strength.} (12. Rd1 Bd6 (12... Be6 $6 13. Nf3
Nd3+ 14. Qxd3 (14. Rxd3 Qxf4) 14... Qxf4 15. g3 {/\ Qd4+}) (12... Ne7 $5) 13.
Kf1 g5 14. Bxg5+ Kxg5 15. Qd2+ Kg6 16. Qxd6+ Qxd6 17. Rxd6+ Nf6 $17) (12. Qh5
Nd3+ 13. Bxd3 Qxf4 $19) (12. Nf3 Nd3+ 13. Bxd3 (13. Qxd3 Qxf4 14. g3 Qd6 $19)
13... Qxf4 14. Qe8 Ne7 $17) (12. O-O-O Nd3+ 13. Rxd3 Qxf4+ 14. Kd1 Bg4 $17)
12... Ne7 (12... Be6 13. Nf3 (13. f4 $40) 13... Bd6 14. Rd1 Nc4 15. Bh4+ Kg6
16. Qe4+ $16) (12... Bd6 13. O-O-O {/\ Nf3, Rhe1->}) (12... Nh6 $2 13. Nf3 Bd6
14. O-O-O $18) (12... Qc5 $5 13. f4 Ng4 14. Bh4+ g5 15. fxg5+ (15. Bxg5+ Kg7
16. Nf3 Qe3) 15... Kg7 16. h3 a6 17. Bd3 Ne5 18. Be4 $44) (12... Bf5 13. O-O-O
$44 (13. Nf3 $2 Nxf3+ 14. Qxf3 Qe7+ 15. Kf1 Qe4 $19) 13... Ne7 $2 14. Nf3 N7g6
15. Nxe5 Nxe5 16. Rhe1 $18) 13. Nf3 N7g6 14. Nxe5 Nxe5 15. O-O-O $44 {[%csl
Re5,Rf6][%cal Yh1e1,Gd1d8]}) 12. Nf3 (12. O-O-O a6 13. Ba4 Be6 (13... Qc4 14.
Bxe5 $1 Qxe2 15. Bd6+ Ke6 16. Bb3+ Kd7 17. Bxf8+ $1 Qxd1+ 18. Kxd1 h5 19. Bxg7
Rh7 20. Bf8 $14) 14. Nf3 Nd3+ (14... Qc4 $5) 15. Rxd3 Qxf4+ 16. Re3 Kf7 $17)
12... Bg4 $8 13. O-O-O a6 $1 $8 14. Qe3 (14. Bd7 Bxf3 (14... Bxd7 15. Nxe5 fxe5
16. Bxe5 Qc6 17. Bxg7+ Kf7 18. Bxh8 Bf5 $13) 15. gxf3 Kf7 {/\Bd6, Ne7} 16. Qe4
g6 17. Ba4 Bh6 $17) (14. Ba4 $5 Qc4 (14... b5 15. Bb3 g6 16. Qe4 Bxf3 17. gxf3
Rc8 18. Rd5 (18. Qd5 Qc6) 18... Bg7 (18... Bh6 19. Bxh6 Nxh6 20. f4) 19. Rhd1
$40) 15. Qxc4 (15. Qe3 Qxa4) 15... Nxc4 16. Rhe1+ Kf7 17. Bd7 h5 (17... Bxf3
18. Be6+ Kg6 19. gxf3 Ne5 20. Rg1+ Kh5 21. Rd5) 18. h3 Bxd7 19. Rxd7+ Kg6 20.
Rxb7 $15) (14. Bd3 Bxf3 15. gxf3 g5 {/\ Kf7-g7-/+}) 14... axb5 15. Nxe5 fxe5
16. Bxe5 Qc4 $1 $19 17. Qg5+ (17. Bxg7+ Kf7 18. Bxh8 Bh6 19. f4 Bxd1 $19) (17.
Rd4 Qe6 18. f3 Bf5 19. g4 Bg6 20. Rhd1 (20. Re1 Kf7 21. f4 Rxa2 22. f5 Bxf5 23.
gxf5 Qb3 $19) 20... Ke8 $19) 17... Nf6 18. Rhe1 Kf7 19. Rd4 Qe6 20. Rde4 {(+)}
Nxe4 21. Rxe4 Bf5 22. Re3 Qg6 23. Qf4 Kg8 (23... Qg4) 24. Rg3 Qf7 25. Rf3 Bg6
26. Qg4 Qxa2 27. Qd7 Qa1+ 28. Kd2 Qxb2+ 29. Ke3 Qc1+ 0-1

[Event "Pamplona 9091 1st"]
[Site "Pamplona"]
[Date "1990.??.??"]
[Round "?"]
[White "Yudasin, Leonid"]
[Black "Polgar, Zsuzsa"]
[Result "0-1"]
[WhiteElo "2615"]
[BlackElo "2510"]
[Annotator "Rogers,I"]
[PlyCount "82"]
[EventDate "1990.12.??"]
[EventType "tourn"]
[EventRounds "9"]
[EventCountry "ESP"]
[EventCategory "12"]
[SourceTitle "CBM 021"]
[Source "ChessBase"]
[SourceDate "1991.04.01"]
[SourceVersion "1"]
[SourceVersionDate "1991.04.01"]
[SourceQuality "1"]

1. e4 c5 2. c3 d5 3. exd5 Qxd5 4. d4 Nc6 5. dxc5 $5 Qxc5 6. Be3 Qa5 7. Nf3 Nf6
8. Bc4 ({White's opening has not been particularly ambitious and} 8. Na3 {
was probably the only hope for a slight advantage. Now Polgar equalises easily.
}) 8... e6 9. O-O Be7 10. Nd4 Bd7 11. Nd2 Nxd4 12. Bxd4 Bc6 13. Re1 O-O 14. Nb3
Qg5 15. g3 Rad8 16. f4 Qh6 17. Qe2 Ne4 18. Qe3 b6 19. Rad1 Nd6 20. Bd3 Qh5 21.
Be5 $2 (21. Qe5 {was correct.}) 21... Nf5 $6 ({After 21.Be5? Black could play} 
21... Nc4 $1 22. Qf2 Qf3 $1 {leaving White in terrible trouble. However Polgar
has seen an attractive combinative possibility.}) 22. Qf2 Nh4 $1 23. Be2 (23.
gxh4 $2 Bxh4 24. Qe2 Bf3 {would lead to a massacre.}) 23... Nf3+ 24. Bxf3 Bxf3
25. Rxd8 Rxd8 26. h3 Bb7 27. Kh2 Rd3 28. Bd4 Qd5 $6 ({Mistakenly believing
that exchanges offer the best way forward, Polgar misses a spectacular win with
} 28... Rf3 $1 29. Qe2 Rxg3 $3 30. Kxg3 (30. Qxh5 {loses more slowly to} Rg2+
31. Kh1) 30... Qh4+ 31. Kh2 Qxf4+ 32. Kg1 Qg3+ 33. Kf1 Qxh3+ 34. Kg1 Bh4 {
when White will be mated.}) 29. Qe2 Bf6 30. Rg1 Bxd4 31. Nxd4 Qe4 32. Qxe4 Bxe4
33. Re1 f5 34. g4 Kf7 35. Re2 Rd1 36. Kg3 h6 37. Nf3 $4 {In time trouble,
Yudasin walks into a fatal pin. Any waiting move would have offered reasonable
drawing chances, although Black has all the play.} Rd3 38. Rf2 g5 $1 39. fxg5
hxg5 40. h4 $6 f4+ 41. Kg2 gxh4 {White cannot prevent 42...h3+, winning the
White knight.} 0-1